000 00680nas a2200241 4500
001 BR2011001856
003 BR-BrBNA
005 20231205114528.0
007 ta
008 230509b bl.|||p| |||| 00| 00por d
040 _aBR-BrBNA
_bpor
_cBiblioteca Nacional de Agricultura
041 _a(Pt)
072 _aE10
100 1 _aAnon.
245 1 _aEconomia brasileira: a nova política monetária
650 _aPOLÍTICA MONETÁRIA
650 _aTAXA
650 _aRECEITA CAMBIAL
650 _aINFLAÇÃO
773 0 _tAgroanalysis (Brazil)
_xISSN 0100-4298
_g(Jan 2011), v. 31(1) p. 13
_wBR2011001856
909 _a202311
_bLúcia
_c55
_dLúcia Elande
942 _2AGRIS
_n0
_cANA
999 _c209182
_d209182